| 000 | 00439nam a22001457a 4500 | ||
|---|---|---|---|
| 020 | _qHB. | ||
| 040 | _cFIZZA ISHAQ | ||
| 082 |
_a160 _bHOW |
||
| 100 |
_aKAHANE,HOWARD. _9134241 |
||
| 245 |
_aLOGIC AND PHILOSOPHY A MODERN INTRODUCTION / _cHOWARD KAHANE. |
||
| 250 | _a4th ED. | ||
| 260 |
_aNEW YORK ; _bWADSWORTH, _c1982. |
||
| 300 |
_a437 P. ; _c9.9X6.9IN |
||
| 942 |
_2ddc _cBK |
||
| 999 |
_c617215 _d617215 |
||